000 00391pab a2200145 454500
008 180718b1987 xxu||||| |||| 00| 0 eng d
100 _aTopping, Ivan
245 _aThe police complaints system in Northern Ireland
260 _c1987
300 _a252-63
362 _aJuly-Dec.
650 _aPolice, Complaints Against - Northern Ireland
773 _aThe Police Journal
909 _a15139
999 _c15139
_d15139